Актуальные вопросы пресноводной аквакультуры. Вып. 93 (Запись № 12370941)

Подробности
000 -МАРКЕР
контрольное поле 01240nam2a2200217 4500
001 - ИДЕНТИФИКАТОР ЗАПИСИ
контрольное поле RU\NLR\BIBL_A\021973480
005 - ИДЕНТИФИКАТОР ВЕРСИИ
контрольное поле 20250625071728.0
010 ## - МЕЖДУНАРОДНЫЙ СТАНДАРТНЫЙ НОМЕР КНИГИ (ISBN)
Номер (ISBN) 978-5-00201-089-9
035 ## - ДРУГИЕ СИСТЕМНЫЕ НОМЕРА
Идентификатор записи (NLR Aleph) 021973480
100 ## - ДАННЫЕ ОБЩЕЙ ОБРАБОТКИ
Данные общей обработки 20230704d2022 |||y0rusy50 ca
101 0# - ЯЗЫК РЕСУРСА
Язык текста, звукозаписи и т.д. русский
102 ## - СТРАНА ПУБЛИКАЦИИ ИЛИ ПРОИЗВОДСТВА
Страна публикации Российская Федерация
200 0# - ЗАГЛАВИЕ И СВЕДЕНИЯ ОБ ОТВЕТСТВЕННОСТИ
Основное заглавие Вып. 93
210 ## - ПУБЛИКАЦИЯ, РАСПРОСТРАНЕНИЕ И ДР.
Дата издания, распространения и т.д. 2022
Место издания, распространения и т.д. Б. м.
461 #0 - УРОВЕНЬ НАБОРА
Встроенное поле 001RU\NLR\Per\792958
-- 2001#$aАктуальные вопросы пресноводной аквакультуры$eсборник научных трудов$fФедерал. гос. унитар. предприятие Всерос. НИИ пресновод. рыб. хоз-ва (ФГУП ВНИИПРХ)$vВып. 93
Системный номер (АБИС) связанной записи 2019765
Место публикации Москва
Дата публикации 2005 -
Первые сведения об ответственности Федерал. гос. унитар. предприятие Всерос. НИИ пресновод. рыб. хоз-ва (ФГУП ВНИИПРХ)
Имя издателя, распространителя и т.д. Всероссийский НИИ пресноводного рыбного хозяйства (ВНИИПРХ)
Сведения, относящиеся к заглавию сборник научных трудов
Заглавие Актуальные вопросы пресноводной аквакультуры
Номер тома Вып. 93
852 ## - МЕСТОНАХОЖДЕНИЕ И ШИФР ХРАНЕНИЯ
Идентификатор организации NLR
Шифр хранения (Call Number) П13/1254
942 ## - ДОПОЛНИТЕЛЬНЫЕ ЭЛЕМЕНТЫ ЗАПИСИ (АБИС)
Тип экземпляра АБИС Выпуск
980 ## - КОЛЛЕКЦИЯ
Название коллекции Национальная библиография
980 ## - КОЛЛЕКЦИЯ
Название коллекции Русская периодика

Нет доступных экземпляров.